[Event "TUR-ch op"]
[Site "Antalya"]
[Date "2008.02.09"]
[Round "10.67"]
[White "Gulbay, Omer Deniz"]
[Black "Vurganer, Atilla"]
[Result "0-1"]
[WhiteElo "1456"]
[BlackElo "1597"]
[PlyCount "102"]
[EventDate "2008.02.04"]
[EventType "swiss"]
[EventRounds "11"]
[EventCountry "TUR"]
[SourceTitle "CBM 122 Extra"]
[Source "ChessBase"]
[SourceDate "2008.03.04"]
[SourceVersion "1"]
[SourceVersionDate "2008.03.04"]
[SourceQuality "1"]

1. d4 d5 2. c4 Nf6 3. Nf3 c6 4. Nc3 e6 5. Bg5 Be7 6. cxd5 cxd5 7. e3 0-0 8. Bd3 Bd7 9. 0-0 h6 10. Bf4 a6 11. a4 Nc6 12. Ne5 Rc8 13. Nxc6 Bxc6 14. Qe2 Bd6 15. Bg3 Re8 16. Bh4 e5 17. Bf5 Rc7 18. dxe5 Rxe5 19. Qc2 g5 20. Bg3 Ree7 21. Qd2 Bxg3 22. fxg3 Re5 23. Qd4 Qe8 24. Rac1 Rce7 25. Bc2 Nd7 26. Qd3 Nf8 27. Nd1 R7e6 28. b3 b5 29. Qd4 Qe7 30. Bf5 Rf6 31. g4 Rd6 32. Qb4 Be8 33. Rc8 Rc6 34. Qxe7 Rxe7 35. Rxc6 Bxc6 36. Bc2 bxa4 37. bxa4 Kg7 38. Kf2 Nd7 39. Nc3 Ne5 40. Bf5 Nc4 41. Re1 Rb7 42. Bc8 Rb3 43. Rc1 Rb2+ 44. Kf3 d4+ 45. Kg3 dxc3 46. Rxc3 Ne5 47. Rc5 Rxg2+ 48. Kh3 Rf2 49. Bb7 Bxb7 50. Rxe5 Rf3+ 51. Kg2 Rxe3+ 0-1

[Event "TUR-ch op"]
[Site "Antalya"]
[Date "2008.02.08"]
[Round "9.59"]
[White "Tantas, Selim"]
[Black "Vurganer, Atilla"]
[Result "1-0"]
[WhiteElo "1743"]
[BlackElo "1597"]
[PlyCount "67"]
[EventDate "2008.02.04"]
[EventType "swiss"]
[EventRounds "11"]
[EventCountry "TUR"]
[SourceTitle "CBM 122 Extra"]
[Source "ChessBase"]
[SourceDate "2008.03.04"]
[SourceVersion "1"]
[SourceVersionDate "2008.03.04"]
[SourceQuality "1"]

1. e4 e6 2. d4 d5 3. exd5 exd5 4. Bd3 Nc6 5. c3 Bd6 6. Nf3 Bg4 7. 0-0 Nge7 8. Re1 Qd7 9. Nbd2 0-0 10. h3 Bf5 11. Nf1 Rfe8 12. Ne5 Bxe5 13. dxe5 Bxd3 14. Qxd3 Rad8 15. Bg5 h6 16. Bh4 Qe6 17. f4 d4 18. f5 Qd5 19. c4 Qc5 20. Bg3 Nb4 21. Qe4 d3+ 22. Bf2 Qc6 23. Qg4 Nc2 24. Ng3 g6 25. f6 Nc8 26. Nf5 Kh7 27. Nxh6 Nxe1 28. Rxe1 Rxe5 29. Rxe5 d2 30. Qh4 d1Q+ 31. Kh2 Qxf6 32. Qxf6 Kxh6 33. Be3+ Kh7 34. Qxf7+ 1-0

[Event "TUR-ch op"]
[Site "Antalya"]
[Date "2008.02.07"]
[Round "7.54"]
[White "Altinsoy, Mehmet Nuri"]
[Black "Vurganer, Atilla"]
[Result "1/2-1/2"]
[WhiteElo "2085"]
[BlackElo "1597"]
[PlyCount "88"]
[EventDate "2008.02.04"]
[EventType "swiss"]
[EventRounds "11"]
[EventCountry "TUR"]
[SourceTitle "CBM 122 Extra"]
[Source "ChessBase"]
[SourceDate "2008.03.04"]
[SourceVersion "1"]
[SourceVersionDate "2008.03.04"]
[SourceQuality "1"]

1. e4 e6 2. d4 d5 3. Nd2 dxe4 4. Nxe4 Nd7 5. Nf3 Ngf6 6. Nxf6+ Nxf6 7. Bd3 Be7 8. Qe2 0-0 9. Bg5 c5 10. 0-0-0 Qa5 11. Kb1 cxd4 12. h4 Rd8 13. g4 Bd7 14. Nxd4 Rac8 15. Nf5 exf5 16. Qxe7 Be6 17. Bxf6 Qxa2+ 18. Kc1 Rd7 19. Qa3 Qxa3 20. bxa3 gxf6 21. gxf5 Bd5 22. Rhg1+ Kf8 23. Rg3 Rdc7 24. Kb2 Bc4 25. Be4 Be2 26. Re1 Bb5 27. Reg1 Bc6 28. Bd3 Ba4 29. Rg8+ Ke7 30. Rxc8 Rxc8 31. Rg7 Rh8 32. Bc4 Be8 33. Kc3 Kf8 34. Rg3 Rg8 35. Kd4 Rxg3 36. fxg3 Ke7 37. Bd5 b6 38. Ke4 Ba4 39. c3 Bc2+ 40. Kf4 Bd1 41. Ba2 Bc2 42. Bd5 Bd1 43. Bc4 Bc2 44. Be2 Bb3 1/2-1/2

[Event "TUR-ch op"]
[Site "Antalya"]
[Date "2008.02.06"]
[Round "5.74"]
[White "Evin, Abdulkerim"]
[Black "Vurganer, Atilla"]
[Result "0-1"]
[WhiteElo "1491"]
[BlackElo "1597"]
[PlyCount "98"]
[EventDate "2008.02.04"]
[EventType "swiss"]
[EventRounds "11"]
[EventCountry "TUR"]
[SourceTitle "CBM 122 Extra"]
[Source "ChessBase"]
[SourceDate "2008.03.04"]
[SourceVersion "1"]
[SourceVersionDate "2008.03.04"]
[SourceQuality "1"]

1. e4 e6 2. d4 d5 3. Nc3 Nf6 4. e5 Nfd7 5. Nf3 c5 6. Be3 Nc6 7. Bb5 Be7 8. Ne2 Qa5+ 9. Nc3 0-0 10. 0-0 cxd4 11. Bxd4 a6 12. Be2 Qc7 13. Re1 Nxd4 14. Qxd4 Bc5 15. Qh4 f6 16. Bd3 g6 17. exf6 Nxf6 18. Rf1 b5 19. Ne2 e5 20. Qg3 Bd6 21. Bxg6 hxg6 22. Qxg6+ Qg7 23. Qxg7+ Kxg7 24. Ng3 e4 25. Nd4 Be5 26. Nge2 Bd7 27. c3 Ng8 28. Rad1 Ne7 29. Nb3 Bg4 30. Rd2 Rf6 31. h3 Bxe2 32. Rxe2 Ng6 33. Rd2 Nf4 34. g3 Nxh3+ 35. Kg2 Nf4+ 36. Kg1 Rh8 37. Rfd1 Nd3 38. Nc1 Rfh6 39. Kf1 Nxc1 40. Rxc1 Rh1+ 41. Ke2 Rxc1 42. Rxd5 Re8 43. Rd2 Re6 44. f4 exf3+ 45. Kxf3 Rg1 46. g4 Rg3+ 47. Ke4 Bxc3+ 48. Kf4 Rxg4+ 49. Kxg4 Bxd2 0-1

[Event "TUR-ch op"]
[Site "Antalya"]
[Date "2008.02.04"]
[Round "1.37"]
[White "Oney, Riza"]
[Black "Vurganer, Atilla"]
[Result "1-0"]
[WhiteElo "2010"]
[BlackElo "1597"]
[PlyCount "95"]
[EventDate "2008.02.04"]
[EventType "swiss"]
[EventRounds "11"]
[EventCountry "TUR"]
[SourceTitle "CBM 122 Extra"]
[Source "ChessBase"]
[SourceDate "2008.03.04"]
[SourceVersion "1"]
[SourceVersionDate "2008.03.04"]
[SourceQuality "1"]

1. d4 d5 2. Nf3 Nf6 3. Bf4 e6 4. e3 Bd6 5. Ne5 Nfd7 6. Bd3 0-0 7. Nxd7 Nxd7 8. Qh5 Nf6 9. Qh4 Bxf4 10. Qxf4 Qd6 11. Nd2 Re8 12. Qxd6 cxd6 13. 0-0 Bd7 14. c4 dxc4 15. Bxc4 d5 16. Bd3 Rac8 17. Rfc1 Rxc1+ 18. Rxc1 Rc8 19. Rxc8+ Bxc8 20. Nf3 a6 21. Kf1 Kf8 22. Ke2 Ke7 23. Ne5 h6 24. Kd2 Nd7 25. Kc3 f6 26. Nxd7 Kxd7 27. Kb4 b6 28. f3 Kd6 29. Kc3 Bb7 30. Kd2 e5 31. Bf5 Bc6 32. Bd3 Bb7 33. Kc3 Bc8 34. e4 dxe4 35. fxe4 exd4+ 36. Kxd4 Bb7 37. Be2 Bc8 38. g3 Bb7 39. b4 b5 40. Bg4 g6 41. h4 h5 42. Bh3 g5 43. Bf5 gxh4 44. gxh4 Bc6 45. Bg6 Bd7 46. Bxh5 f5 47. e5+ Ke7 48. Bf3 1-0